[Event "BCF-chT4S 1920 (4NCL)"]
[Site "England"]
[Date "2020.01.11"]
[Round "3.83"]
[White "Lovell, William Pm"]
[Black "Bush, Ian"]
[Result "1/2-1/2"]
[WhiteElo "1787"]
[BlackElo "1840"]
[PlyCount "47"]
[EventDate "2019.11.09"]
[EventType "team-swiss"]
[EventRounds "11"]
[EventCountry "ENG"]
[SourceTitle "EXT 2022"]
[Source "ChessBase"]
[SourceDate "2021.10.06"]
[SourceVersion "1"]
[SourceVersionDate "2021.10.06"]
[SourceQuality "1"]
[WhiteTeam "Wessex III"]
[BlackTeam "Oxford IV"]
[WhiteTeamCountry "ENG"]
[BlackTeamCountry "ENG"]

1. c4 d6 2. g3 g6 3. Bg2 Bg7 4. Nc3 Nf6 5. e4 0-0 6. Nge2 c6 7. 0-0 e5 8. d3 Bg4 9. h3 Be6 10. f4 Qc8 11. g4 exf4 12. Nxf4 Na6 13. Be3 Nc7 14. Qd2 Qd7 15. Nxe6 Nxe6 16. d4 Rae8 17. Bh6 c5 18. Bxg7 Kxg7 19. Qf2 Ng8 20. Ne2 Qe7 21. Rad1 a6 22. e5 dxe5 23. dxe5 Rd8 24. Rfe1 1/2-1/2

[Event "BCF-chT4S 1920 (4NCL)"]
[Site "England"]
[Date "2019.11.10"]
[Round "2.206"]
[White "Bush, Ian"]
[Black "Ward, James"]
[Result "1-0"]
[WhiteElo "1840"]
[BlackElo "1769"]
[PlyCount "33"]
[EventDate "2019.11.09"]
[EventType "team-swiss"]
[EventRounds "11"]
[EventCountry "ENG"]
[SourceTitle "EXT 2022"]
[Source "ChessBase"]
[SourceDate "2021.10.06"]
[SourceVersion "1"]
[SourceVersionDate "2021.10.06"]
[SourceQuality "1"]
[WhiteTeam "Oxford IV"]
[BlackTeam "War and Piece"]
[WhiteTeamCountry "ENG"]
[BlackTeamCountry "ENG"]

1. e4 c6 2. d4 d5 3. exd5 cxd5 4. c4 Nf6 5. Nc3 Nc6 6. Bg5 dxc4 7. Bxc4 Qxd4 8. Qxd4 Nxd4 9. 0-0-0 e5 10. f4 Bg4 11. Nf3 Bxf3 12. gxf3 Rc8 13. fxe5 Rxc4 14. exf6 Ne6 15. Rhe1 h6 16. fxg7 Bxg7 17. Rd8# 1-0

[Event "BCF-chT4S 1819 (4NCL)"]
[Site "England"]
[Date "2019.05.04"]
[Round "9.123"]
[White "Lovell, Steve"]
[Black "Bush, Ian"]
[Result "0-1"]
[WhiteElo "1795"]
[BlackElo "1780"]
[PlyCount "54"]
[EventDate "2018.11.17"]
[EventType "team-swiss"]
[EventRounds "11"]
[EventCountry "ENG"]
[SourceTitle "EXT 2021"]
[Source "ChessBase"]
[SourceDate "2020.10.23"]
[SourceVersion "1"]
[SourceVersionDate "2020.10.23"]
[SourceQuality "1"]
[WhiteTeam "Iceni III"]
[BlackTeam "Oxford IV"]
[WhiteTeamCountry "ENG"]
[BlackTeamCountry "ENG"]

1. e4 d6 2. d4 Nf6 3. Nc3 g6 4. Nf3 Bg7 5. Be3 a6 6. Qd2 b5 7. Bd3 Bb7 8. b4 Nbd7 9. Bh6 0-0 10. h4 c5 11. Bxg7 Kxg7 12. dxc5 dxc5 13. e5 Nxe5 14. Nxe5 Qd4 15. Nf3 Bxf3 16. gxf3 cxb4 17. Be4 Qxd2+ 18. Kxd2 bxc3+ 19. Kxc3 Nxe4+ 20. fxe4 Rac8+ 21. Kb3 Rc4 22. Rae1 Rfc8 23. Re2 a5 24. Rh3 Rb4+ 25. Ka3 Rcc4 26. Rhe3 Rb1 27. Rb3 Ra4# 0-1

[Event "BCF-chT4S 1819 (4NCL)"]
[Site "England"]
[Date "2019.01.13"]
[Round "4.113"]
[White "Bush, Ian"]
[Black "Buttell, David"]
[Result "0-1"]
[WhiteElo "1780"]
[BlackElo "1945"]
[PlyCount "68"]
[EventDate "2018.11.17"]
[EventType "team-swiss"]
[EventRounds "11"]
[EventCountry "ENG"]
[SourceTitle "EXT 2021"]
[Source "ChessBase"]
[SourceDate "2020.10.23"]
[SourceVersion "1"]
[SourceVersionDate "2020.10.23"]
[SourceQuality "1"]
[WhiteTeam "Oxford IV"]
[BlackTeam "Celtic Tigers II"]
[WhiteTeamCountry "ENG"]
[BlackTeamCountry "ENG"]

1. e4 c5 2. d4 cxd4 3. c3 dxc3 4. Nxc3 d6 5. Nf3 Nc6 6. Bc4 e6 7. 0-0 Be7 8. Qe2 Nf6 9. Rd1 Qc7 10. Bf4 e5 11. Be3 Be6 12. Bxe6 fxe6 13. Qc4 Qd7 14. Ng5 Nd8 15. h3 h6 16. Nf3 Qc6 17. Qd3 0-0 18. Rac1 Qe8 19. Nb5 Qg6 20. Nxd6 Bxd6 21. Qxd6 Nxe4 22. Qxe5 Rxf3 23. Rd4 Nf6 24. Qc7 Nd5 25. Qd6 Rf6 26. Rg4 Qf7 27. Bd4 Rg6 28. Rxg6 Qxg6 29. Re1 Qf7 30. Re4 Nc6 31. Bc5 Rd8 32. Qg3 b6 33. Ba3 Nce7 34. Qg4 Nf6 0-1

[Event "BCF-chT4S 1819 (4NCL)"]
[Site "England"]
[Date "2019.01.12"]
[Round "3.206"]
[White "Deacon, David J"]
[Black "Bush, Ian"]
[Result "1/2-1/2"]
[WhiteElo "1635"]
[BlackElo "1780"]
[PlyCount "37"]
[EventDate "2018.11.17"]
[EventType "team-swiss"]
[EventRounds "11"]
[EventCountry "ENG"]
[SourceTitle "EXT 2021"]
[Source "ChessBase"]
[SourceDate "2020.10.23"]
[SourceVersion "1"]
[SourceVersionDate "2020.10.23"]
[SourceQuality "1"]
[WhiteTeam "Wessex III"]
[BlackTeam "Oxford IV"]
[WhiteTeamCountry "ENG"]
[BlackTeamCountry "ENG"]

1. d4 Nf6 2. c4 c5 3. Nf3 cxd4 4. Nxd4 e5 5. Nc2 d5 6. cxd5 Nxd5 7. e4 Nb4 8. Qxd8+ Kxd8 9. Nxb4 Bxb4+ 10. Nc3 Bxc3+ 11. bxc3 Be6 12. Be3 Nc6 13. Bb5 Kc7 14. a4 b6 15. Ba6 Na5 16. f3 Nc4 17. Bxc4 Bxc4 18. a5 Rhd8 19. Kf2 1/2-1/2

[Event "BCF-chT4S 1718 (4NCL)"]
[Site "England"]
[Date "2018.05.05"]
[Round "9.24"]
[White "Bush, Ian"]
[Black "Goodwin, Ed H"]
[Result "0-1"]
[WhiteElo "1481"]
[BlackElo "1860"]
[PlyCount "80"]
[EventDate "2017.11.11"]
[EventType "team-swiss"]
[EventRounds "11"]
[EventCountry "ENG"]
[SourceTitle "EXT 2020"]
[Source "ChessBase"]
[SourceDate "2019.10.17"]
[SourceVersion "1"]
[SourceVersionDate "2019.10.17"]
[SourceQuality "1"]
[WhiteTeam "Oxford III"]
[BlackTeam "Throw in the Tal"]
[WhiteTeamCountry "ENG"]
[BlackTeamCountry "ENG"]

1. e4 c5 2. d4 cxd4 3. c3 d3 4. Bxd3 Nc6 5. Nf3 d6 6. h3 g6 7. Be3 Bg7 8. Qd2 Bd7 9. 0-0 Nf6 10. c4 a6 11. Nc3 Qa5 12. Rac1 0-0 13. Qe2 Rab8 14. Nd5 Nxd5 15. exd5 Ne5 16. Nxe5 Bxe5 17. f4 Bf6 18. b3 b5 19. c5 dxc5 20. Bxc5 Rfe8 21. f5 Qd8 22. Qf2 Bc8 23. fxg6 fxg6 24. d6 exd6 25. Bxd6 Re6 26. Bc7 Qd7 27. Qc2 Ra8 28. Bf4 Bb7 29. Rfd1 Qd4+ 30. Qf2 Qxf2+ 31. Kxf2 Bd4+ 32. Kg3 Bb6 33. Bc7 Be3 34. Rc2 Rf8 35. Re2 g5 36. Ba5 Bf4+ 37. Kg4 Rxe2 38. Bxe2 Bxg2 39. Rd7 Be4 40. Bc3 Bf5+ 0-1

[Event "BCF-chT4S 1718 (4NCL)"]
[Site "England"]
[Date "2018.01.14"]
[Round "4.83"]
[White "Bush, Ian"]
[Black "Sezer, Steve"]
[Result "0-1"]
[WhiteElo "1481"]
[BlackElo "1487"]
[PlyCount "100"]
[EventDate "2017.11.11"]
[EventType "team-swiss"]
[EventRounds "11"]
[EventCountry "ENG"]
[SourceTitle "EXT 2020"]
[Source "ChessBase"]
[SourceDate "2019.10.17"]
[SourceVersion "1"]
[SourceVersionDate "2019.10.17"]
[SourceQuality "1"]
[WhiteTeam "Oxford III"]
[BlackTeam "Barnet Knights III"]
[WhiteTeamCountry "ENG"]
[BlackTeamCountry "ENG"]

1. e4 c5 2. d4 cxd4 3. c3 Nf6 4. e5 Nd5 5. Nf3 Nc6 6. Bc4 Nb6 7. Bb3 e6 8. cxd4 Bb4+ 9. Bd2 Bxd2+ 10. Qxd2 Ne7 11. Nc3 Ned5 12. Ne4 0-0 13. 0-0 Nc7 14. Bc2 Ne8 15. Qd3 Nd5 16. Neg5 g6 17. a3 Ng7 18. Ne4 f5 19. exf6 Nxf6 20. Nfg5 Nxe4 21. Nxe4 d5 22. Nd2 Nf5 23. Nf3 Qb6 24. b4 Bd7 25. Qd2 Rac8 26. Rad1 Bb5 27. Rfe1 Rc4 28. a4 Rfc8 29. Bxf5 Bxa4 30. Bxe6+ Kg7 31. Rc1 Rxc1 32. Rxc1 Rxc1+ 33. Qxc1 Qxe6 34. Qc7+ Qf7 35. Qa5 Bd1 36. Qxa7 Bxf3 37. gxf3 Qe7 38. Qc5 Qxc5 39. bxc5 Kf7 40. Kf1 Kf6 41. Kg2 Kf5 42. Kg3 g5 43. Kh3 Kf4 44. Kg2 h5 45. h3 h4 46. Kf1 Kxf3 47. Ke1 g4 48. Kf1 gxh3 49. Kg1 h2+ 50. Kxh2 Kxf2 0-1

[Event "BCF-chT4S 1617 (4NCL)"]
[Site "England"]
[Date "2017.04.29"]
[Round "9.16"]
[White "Bush, Ian"]
[Black "Tombolis, Christopher"]
[Result "1-0"]
[WhiteElo "1810"]
[BlackElo "1817"]
[PlyCount "39"]
[EventDate "2016.11.26"]
[EventType "team-swiss"]
[EventRounds "11"]
[EventCountry "ENG"]
[SourceTitle "EXT 2019"]
[Source "ChessBase"]
[SourceDate "2018.10.10"]
[SourceVersion "1"]
[SourceVersionDate "2018.10.10"]
[SourceQuality "1"]
[WhiteTeam "Oxford II"]
[BlackTeam "Brown Jack II"]
[WhiteTeamCountry "ENG"]
[BlackTeamCountry "ENG"]

1. e4 c5 2. d4 cxd4 3. c3 dxc3 4. Nxc3 Nc6 5. Nf3 Qc7 6. Bc4 e6 7. 0-0 Nf6 8. Nb5 Qb8 9. e5 Nxe5 10. Nxe5 Qxe5 11. Re1 Qb8 12. Qd4 b6 13. Bf4 d6 14. Bxd6 Bxd6 15. Nxd6+ Ke7 16. Nf5+ Ke8 17. Nxg7+ Kf8 18. Qxf6 Rg8 19. Bxe6 Qb7 20. Bd5 1-0

[Event "BCF-chT4S 1617 (4NCL)"]
[Site "England"]
[Date "2016.11.27"]
[Round "2.82"]
[White "Bush, Ian"]
[Black "Sheikh, Nasarullah"]
[Result "0-1"]
[WhiteElo "1810"]
[BlackElo "1608"]
[PlyCount "93"]
[EventDate "2016.11.26"]
[EventType "team-swiss"]
[EventRounds "11"]
[EventCountry "ENG"]
[SourceTitle "EXT 2019"]
[Source "ChessBase"]
[SourceDate "2018.10.10"]
[SourceVersion "1"]
[SourceVersionDate "2018.10.10"]
[SourceQuality "1"]
[WhiteTeam "Oxford III"]
[BlackTeam "D&D Utd"]
[WhiteTeamCountry "ENG"]
[BlackTeamCountry "ENG"]

1. e4 c5 2. d4 cxd4 3. c3 d3 4. Bxd3 a6 5. c4 Nc6 6. Nf3 d6 7. h3 e6 8. 0-0 Be7 9. Nc3 Nf6 10. Be3 0-0 11. Rc1 b6 12. a3 Bb7 13. Qb3 Nd7 14. Rfd1 Rb8 15. Bb1 Ba8 16. Qc2 Nce5 17. Nxe5 dxe5 18. Qa4 Rb7 19. Qxa6 Qb8 20. Qb5 Qc7 21. b4 Ra7 22. Rxd7 Qxd7 23. Qxd7 Rxd7 24. Bxb6 Bb7 25. Bc2 Ra8 26. Ba5 Rd2 27. f3 Rxa5 28. Nb1 Rxc2 29. Rxc2 Ra8 30. Kf2 f5 31. c5 Bc6 32. Rc4 Kf7 33. Ke1 Bb5 34. Rc3 fxe4 35. fxe4 Bc6 36. Nd2 Rd8 37. Nc4 Bxe4 38. Nxe5+ Ke8 39. Nf3 Bf6 40. Re3 Bd5 41. a4 Kd7 42. Ne5+ Bxe5 43. Rxe5 Kc6 44. Re3 Rb8 45. b5+ Kxc5 46. Rc3+ Kb4 47. Rc7 0-1

[Event "Witney op-B"]
[Site "Witney"]
[Date "2015.10.18"]
[Round "4"]
[White "Beckett, Richard"]
[Black "Bush, Ian"]
[Result "1/2-1/2"]
[WhiteElo "1620"]
[BlackElo "139"]
[PlyCount "75"]
[EventDate "2015.10.17"]
[EventType "swiss"]
[EventRounds "5"]
[EventCountry "ENG"]
[SourceTitle "CBM 169 Extra"]
[Source "ChessBase"]
[SourceDate "2015.12.18"]
[SourceVersion "1"]
[SourceVersionDate "2015.12.18"]
[SourceQuality "1"]

1. e4 d6 2. d4 Nf6 3. Nc3 g6 4. Be3 c6 5. Bc4 b5 6. Bd3 Nbd7 7. Nf3 Nb6 8. 0-0 Bg7 9. Re1 b4 10. Ne2 Bb7 11. Ng3 0-0 12. Qd2 a5 13. h3 Qc7 14. Bh6 Bxh6 15. Qxh6 e5 16. Ng5 Nbd7 17. c3 Kh8 18. Rac1 Rae8 19. Bc4 d5 20. exd5 cxd5 21. Bb5 bxc3 22. Bxd7 Qxd7 23. Nh5 gxh5 24. Qxf6+ Kg8 25. Rxc3 h4 26. Nxh7 exd4 27. Rxe8 Rxe8 28. Qxd4 Re1+ 29. Kh2 Qd6+ 30. g3 Kxh7 31. Qxh4+ Kg7 32. Rb3 Qd7 33. Qg5+ Kf8 34. Qh6+ Ke8 35. Qh8+ Ke7 36. Qh4+ Ke8 37. Qh8+ Ke7 38. Qh4+ 1/2-1/2

[Event "Witney op-B"]
[Site "Witney"]
[Date "2015.10.18"]
[Round "5"]
[White "Bush, Ian"]
[Black "Sivarajasingam, Shayanna"]
[Result "1-0"]
[WhiteElo "139"]
[BlackElo "1570"]
[PlyCount "99"]
[EventDate "2015.10.17"]
[EventType "swiss"]
[EventRounds "5"]
[EventCountry "ENG"]
[SourceTitle "CBM 169 Extra"]
[Source "ChessBase"]
[SourceDate "2015.12.18"]
[SourceVersion "1"]
[SourceVersionDate "2015.12.18"]
[SourceQuality "1"]

1. e4 e6 2. d4 d5 3. Nc3 dxe4 4. Nxe4 Nd7 5. Nf3 Ngf6 6. Bd3 Nxe4 7. Bxe4 Nf6 8. Bd3 Be7 9. 0-0 0-0 10. Bg5 h6 11. Bh4 c5 12. Re1 Qb6 13. Bc4 Qxb2 14. d5 Qb4 15. d6 Rd8 16. dxe7 Rxd1 17. Raxd1 g5 18. Rd8+ Kg7 19. Bg3 g4 20. Be5 gxf3 21. Red1 Qxc4 22. Bxf6+ Kxf6 23. e8Q Qg4 24. Qg8 Qxg8 25. Rxg8 fxg2 26. Rdd8 a5 27. Rxc8 Ra6 28. Ra8 Rb6 29. Rxa5 Rb2 30. c4 Rc2 31. Rxc5 Rxa2 32. Rb5 Rc2 33. c5 h5 34. Rb8 h4 35. Kxg2 Rc3 36. h3 e5 37. R8xb7 e4 38. R7b6+ Kf5 39. c6+ Kf4 40. Rb3 Rc2 41. c7 f5 42. Rb7 Kg5 43. Ra3 f4 44. Ra5+ Kg6 45. Rb6+ Kg7 46. Ra7 f3+ 47. Kg1 Rc1+ 48. Kh2 Kf8 49. Rb8+ Kf7 50. c8Q+ 1-0